| 000 | 00607nam a2200181 i 4500 | ||
|---|---|---|---|
| 001 | 24350 | ||
| 003 | ES-MaACL | ||
| 005 | 20251002204010.0 | ||
| 007 | t| | ||
| 008 | 021217s1944 sp ||||1| spa d | ||
| 245 | 0 | 0 |
_aAntología arabe _b: para principantes : textos arabes sin vocalizar y reeditados con un glosario / _cpor Emilio García Gómez. |
| 260 |
_aMadrid : _bEspasa-Calpe, _c[1944] |
||
| 300 |
_aXI, 162 p. ; _c25 cm. |
||
| 650 | 0 | 4 |
_aLengua árabe- _vLecturas. _914094 |
| 700 | 1 |
_aGarcía Gómez, Emilio, _d1905-1995 _954690 |
|
| 852 |
_aES-MaACL _jB-10352 _bR.21694 |
||
| 999 |
_c24350 _d24350 |
||